Score Well Mathematics- IX (Record no. 11634)

MARC details
000 -LEADER
fixed length control field 00257nam a22000977a 4500
008 - FIXED-LENGTH DATA ELEMENTS--GENERAL INFORMATION
fixed length control field 190921b ||||| |||| 00| 0 eng d
020 ## - INTERNATIONAL STANDARD BOOK NUMBER
International Standard Book Number 9789388788892
100 ## - MAIN ENTRY--PERSONAL NAME
Personal name Goyal
9 (RLIN) 7337
245 ## - TITLE STATEMENT
Title Score Well Mathematics- IX
260 ## - PUBLICATION, DISTRIBUTION, ETC. (IMPRINT)
Place of publication, distribution, etc. New Delhi
Name of publisher, distributor, etc. Goyal Brothers
Date of publication, distribution, etc. 2019

No items available.

Powered by Koha